| 000 | 00445nam a2200181Ia 4500 | ||
|---|---|---|---|
| 001 | 16411 | ||
| 005 | 20260306170307.0 | ||
| 008 | 260306t2011||||xx |||||||||||||| ||und|| | ||
| 041 | _aESP | ||
| 082 |
_a348.6 _bA36 |
||
| 100 |
_aAlbiol Montesinos, Ignacio (dir.) _eAUT |
||
| 245 | 0 | _aExtinción de contrato de trabajo | |
| 260 | _c2011 | ||
| 300 |
_a1591 páginas : _c24 cm. |
||
| 650 | _aGEN | ||
| 654 | _aCDE | ||
| 942 |
_cLIB _dJUS _fJUS _2ddc _n |
||
| 999 |
_c16411 _d16411 |
||